Normal view MARC view
  • Ahsan, Usman

Entry Personal Name

Number of records used in: 2

001 - CONTROL NUMBER

  • control field: 16534

003 - CONTROL NUMBER IDENTIFIER

  • control field: NUST

005 - DATE AND TIME OF LATEST TRANSACTION

  • control field: 20190703092334.0

008 - FIXED-LENGTH DATA ELEMENTS

  • fixed length control field: 190703|| aca||aabn | a|a d

040 ## - CATALOGING SOURCE

  • Original cataloging agency: NUST
  • Transcribing agency: NUST

100 ## - HEADING--PERSONAL NAME

  • Personal name: Ahsan, Usman

670 ## - SOURCE DATA FOUND

  • Source citation: Work cat.: (NUST): Ahsan, Usman, Difference in Work Motivation Between Public and Private Sector Organizations in Pakistan /, 2016.
© 2023 Central Library, National University of Sciences and Technology. All Rights Reserved.